Boundless Grace : (Record no. 3193)

MARC details
000 -LEADER
fixed length control field 00919cam a2200277 a 4500
005 - DATE AND TIME OF LATEST TRANSACTION
control field 20250909105836.0
020 ## - INTERNATIONAL STANDARD BOOK NUMBER
International Standard Book Number 0590737910
040 ## - CATALOGING SOURCE
Original cataloging agency DLC
Transcribing agency DLC
Modifying agency DLC
Language of cataloging eng
050 00 - LIBRARY OF CONGRESS CALL NUMBER
Classification number PZ7.H67562
082 00 - DEWEY DECIMAL CLASSIFICATION NUMBER
Classification number 475
100 1# - MAIN ENTRY--PERSONAL NAME
Personal name Hoffman, Mary
Dates associated with a name 1945-
245 10 - TITLE STATEMENT
Title Boundless Grace :
Statement of responsibility, etc. by Hoffman, Mary ; pictures by Binch, Caroline
Remainder of title Sequel to Amazing Grace /
250 ## - EDITION STATEMENT
Edition statement First Scholastic printing, October 1997
260 ## - PUBLICATION, DISTRIBUTION, ETC.
Place of publication, distribution, etc. New York :
Name of publisher, distributor, etc. Scholastic ,
Date of publication, distribution, etc. 1995
300 ## - PHYSICAL DESCRIPTION
Extent 30 unnumbered pages :
Other physical details color illustrations ;
Dimensions 28 cm.
505 ## - FORMATTED CONTENTS NOTE
Formatted contents note N <br/>
520 ## - SUMMARY, ETC.
Summary, etc. Grace is invited for a visit with her father and his new family in Africa.
521 ## - TARGET AUDIENCE NOTE
Target audience note 560 <br/>
Source Lexile <br/>
521 ## - TARGET AUDIENCE NOTE
Target audience note N <br/>
Source Raz-Plus <br/>
650 #1 - SUBJECT ADDED ENTRY--TOPICAL TERM
Topical term or geographic name entry element Stepfamilies
Form subdivision Fiction
650 #1 - SUBJECT ADDED ENTRY--TOPICAL TERM
Topical term or geographic name entry element African Americans
Form subdivision Fiction
700 1# - ADDED ENTRY--PERSONAL NAME
Personal name Binch, Caroline
Relator term illustrator
906 ## - LOCAL DATA ELEMENT F, LDF (RLIN)
a 7
b cbc
c orignew
d 1
e ocip
f 19
g y-gencatlg
942 ## - ADDED ENTRY ELEMENTS (KOHA)
Source of classification or shelving scheme Dewey Decimal Classification
Koha item type Books
Suppress in OPAC No
999 ## -
-- 3193
-- 3193
Holdings
Withdrawn status Lost status Source of classification or shelving scheme Damaged status Not for loan Collection Home library Current library Shelving location Date acquired Total Checkouts Full call number Barcode Date last seen Copy number Price effective from Koha item type
    Dewey Decimal Classification     Juvenile Fiction Footprints International School Library Network Toul Tom Poung Campus Footprints International School Library Network Toul Tom Poung Campus TTP Primary Yellow Bookshelves 02/16/2024   HOF 475 PZ7.H67562 FISTK01840 02/16/2024 1 02/16/2024 Books
    Dewey Decimal Classification     Juvenile Fiction Footprints International School Library Network Toul Tom Poung Campus Footprints International School Library Network Toul Tom Poung Campus TTP Primary Yellow Bookshelves 07/18/2025   HOF 475 PZ7.H67562 FISBK05583 07/18/2025 2 07/18/2025 Books
    Dewey Decimal Classification     Juvenile Fiction Footprints International School Library Network Toul Tom Poung Campus Footprints International School Library Network Toul Tom Poung Campus TTP Primary Yellow Bookshelves 09/09/2025   HOF 475 PZ7.H67562 FIS01863 09/09/2025 3 09/09/2025 Books